2000-Pashanim - Statistiken

Allgemein
  • Dieses Quiz wurde 192 mal gespielt
  • Das Durchschnittsergebnis liegt bei 10 aus 14
Antwortstatistiken
Antwort % Korrekt
2000
95%
Mittelmeer
85%
Florenz
80%
Intro
79%
GTA
77%
Nokia 3310 - Bonus Track
77%
Bis hierhin liefs noch ganz gut
70%
Jede Saison
67%
TXL
66%
Duty Free
65%
Moltisanti
64%
1. Mai
63%
2007 skit (hk beatz)
61%
U1 Freestyle
61%
Keine übereinstimmenden Quizze gefunden
Verteilung der Resultate
Anzahl Personen mit jedem Resultat
Perzentil nach korrekt beantworteten Fragen
Ihre Resultats-Entwicklung
Sie haben dieses Quiz noch nicht gespielt